000
00276nam a2200121Ia 4500
005
20251222143212.0
008
251222s9999||||xx |||||||||||||| ||spa||
082
_a
828.5/S98G
100
_a
Swift, Jonathan
245
0
_a
Gulliver
264
_b
Sociedad Comercial
942
_c
LIB
999
_c
13474
_d
13474